| 000 | 00543nam a22001817a 4500 | ||
|---|---|---|---|
| 005 | 20171121110654.0 | ||
| 010 | _aENG-121517 | ||
| 020 |
_a9789325982260 _c247.00 |
||
| 035 | _aEN-105049 | ||
| 037 | _bDBAD/PUB | ||
| 082 | _a620.11 | ||
| 100 | _aBhavikatti,S.S. | ||
| 245 |
_aStrength of materials and structural engineering / _cby S.S.Bhavikatti |
||
| 260 |
_aNoida _bVikas Publishing House _c2015 |
||
| 270 |
_aE-28,Sector-8 _bNoida(UP) _e201301 |
||
| 300 |
_a316p. : _c25cm(pbk) _bill. |
||
| 942 |
_2ddc _cEN _mBHA _h620.11 |
||
| 999 |
_c147599 _d147599 |
||